书目信息 |
| 题名: |
乌鲁木齐
|
|
| 作者: | 代兴善 编著 | |
| 分册: | ||
| 出版信息: | 北京 中国旅游出版社 1999.08 |
|
| 页数: | 100页 | |
| 开本: | 32开 | |
| 丛书名: | 自助旅游手册 | |
| 单 册: | ||
| 中图分类: | K928.945 | |
| 科图分类: | ||
| 主题词: | 地理 | |
| 电子资源: | ||
| ISBN: | 7-5032-1633-6 | |
| 000 | 00635nam0 2200229 45 | |
| 001 | 0205280857 | |
| 005 | 20031219104056.0 | |
| 010 | @a7-5032-1633-6@dCNY7.00 | |
| 100 | @a20020528d1999 km y0chiy0120 ea | |
| 101 | 0 | @achi |
| 105 | @aa z 000yy | |
| 200 | 1 | @a乌鲁木齐@AWu Lu Mu Qi@f代兴善等编著@FDai Xing Shan Deng Bian Zhu |
| 210 | @a北京@c中国旅游出版社@d1999.08 | |
| 215 | @a100页@c插图@d32开 | |
| 225 | @a自助旅游手册 | |
| 410 | @12001 @a自助旅游手册 | |
| 606 | 0 | @a地理 |
| 607 | @a乌鲁木齐@x概况 | |
| 690 | @aK928.945@v4 | |
| 701 | @a代兴善@4编著 | |
| 801 | @aCN@bTSTC@c20020528 | |
| 905 | @b310928-932@dK928.945@e243@f5 | |
| 乌鲁木齐/代兴善等编著.-北京:中国旅游出版社,1999.08 |
| 100页:插图;32开.-(自助旅游手册) |
| ISBN 7-5032-1633-6:CNY7.00 |
| ● |
| 相关链接 |
|
|
|
|
正题名:乌鲁木齐
索取号:K928.945/243
 
预约/预借
| 序号 | 登录号 | 条形码 | 馆藏地/架位号 | 状态 | 备注 |
| 1 | 0310928 | 203109288 | 第二借阅区/ [索取号:K928.945/243] | 在馆 | |
| 2 | 0310929 | 203109297 | 第二借阅区/ [索取号:K928.945/243] | 在馆 | |
| 3 | 0310930 | 203109304 | 第二借阅区/ [索取号:K928.945/243] | 在馆 | |
| 4 | 0310931 | 203109313 | 第二借阅区/ [索取号:K928.945/243] | 在馆 | |
| 5 | 0310932 | 203109322 | 第二样本阅览室/ [索取号:K928.945/243] | 在馆 |